| 000 | 00841nam a22002177a 4500 | ||
|---|---|---|---|
| 999 |
_c12040 _d12040 |
||
| 003 | AR-CdUCM | ||
| 008 | 190405b ||||| |||| 00| 0 spa d | ||
| 040 |
_aMUNICIPALIDAD PROVINCIAL DEL CUSCO _cBIBLIOTECA MUNICIPAL DEL CUSCO |
||
| 082 |
_aEP / 372.036 / _bB42 _26ed. |
||
| 100 |
_aBenavides Estrada, Augusto _928172 |
||
| 245 |
_aEscuela Nueva : _bEnciclopedia Escolar, tercer grado de educación primaria / |
||
| 260 |
_aLima : _bEscuela Nueva. |
||
| 300 |
_a686 páginas ; _bIlustraciones _c21cm |
||
| 505 | _aContenido: Historia -- Geografía -- Educación cívica -- Ciencias naturales -- Matemática -- Lenguaje | ||
| 650 |
_aEnciclopedia _918213 |
||
| 650 |
_aEducación primaria _91561 |
||
| 700 |
_aMarin del Aguila, Ángel _928067 |
||
| 700 |
_aDíaz Alva, Oscar _927807 |
||
| 942 |
_2ddc _cLIBROS |
||
| 945 |
_anom _d2019-04-05 |
||